Statistics for Australian Political Parties in History

Click here to take the quiz!

General Stats

  • This quiz has been taken 30 times
  • The average score is 10 of 19

Answer Stats

%Most Successful ElectionParty% Correct
48.9Alfred Deakin (1913)Liberal
100%
41.8Malcolm Fraser (1975)Liberal
100%
50.9Andrew Fisher (1914)Labor
93%
12.3Adam Bandt (2022)Greens
79%
11.4Ian Sinclair (1987)National
72%
4.1Clive Palmer (2022)United Australia
69%
36.4Joseph Lyons (1931)United Australia
69%
8.4Pauline Hanson (1998)One Nation
66%
15.6Earle Page (1937)Country
55%
11.3Janine Haines (1990)Democrats
48%
29.2Alfred Deakin (1903)Protectionist
41%
33.2George Reid (1901)Free Trade
34%
5.2Jack Lang (1940)Lang Labor
34%
54.2Billy Hughes (1917)Nationalist
31%
5.5Clive Palmer (2013)Palmer United
31%
9.4George Cole (1958)Democratic Labor
24%
38.2George Reid (1906)Anti-Socialist
10%
4.7Julius Streeter (1934)Douglas Credit
3%
5.5N/A (1931)Emergency Committee
3%

Score Distribution

Percentile by Number Answered

Percent of People with Each Score

Your Score History

You have not taken this quiz